00487cam a22001692 4500001001100000005001700011008004100028020001700069040001500086100003400101245007400135250001300209260003800222300001900260650003500279852000300314000002143720151217155232.0120514s xx 000 0 eng d a1847030177 : aKABUcKABU1 aSteinerte, Elina.@000018228910aNutcases international law /cElina Steinerte, Rebecca M. M. Wallace. a1st ed. aLondon :bSweet & Maxwell,c2008. axviii, 269 p. 0aInternational law.@00001586961